Panorama. Student`s Book 2
Guardado en:
| Hovedforfatter: | |
|---|---|
| Format: | Bog |
| Sprog: | Undetermined |
| Udgivet: |
Hong Kong, China
Macmillan Publishers
1990
|
| Fag: | |
| Tags: |
Tilføj Tag
Ingen Tags, Vær først til at tagge denne postø!
|
MARC
| LEADER | 00000nam a2200000Ia 4500 | ||
|---|---|---|---|
| 008 | 170316s9999 xx 000 0 und d | ||
| 090 | |a 415-I P-15p v.2 | ||
| 100 | |a Potter, Mike | ||
| 245 | |a Panorama. Student`s Book 2 | ||
| 260 | |a Hong Kong, China | ||
| 260 | |b Macmillan Publishers | ||
| 260 | |c 1990 | ||
| 300 | |a 122 páginas | ||
| 650 | |a GRAMÁTICA INGLESA | ||
| 999 | |c 19487 |d 19487 | ||
| 040 | |a cru BVZT | ||
| 942 | |c 15 D |h 415-I P-15p v.2 |2 z | ||
